000
00305nam a2200121 a 4500
008
141120s2005|||| d
245
1
0
_a
Všeobecný encyklopedický slovník A-F
260
_b
Praha
_a
Ottovo nakladatelství
_c
2005
020
_c
11,25
041
_a
slo
044
_a
xo
_c
SK
958
_a
APR
999
_c
20522
_d
20522